[Event "Karlsruhe Grenke op"]
[Site "Karlsruhe"]
[Date "2019.04.22"]
[Round "9"]
[White "Chernov, Vadim A"]
[Black "Pijpers, Arthur"]
[Result "1/2-1/2"]
[WhiteElo "2345"]
[BlackElo "2485"]
[PlyCount "32"]
[EventDate "2019.04.18"]
[EventType "swiss"]
[EventRounds "9"]
[EventCountry "GER"]
[SourceTitle "CBM 189 Extra"]
[Source "ChessBase"]
[SourceDate "2019.06.03"]
[SourceVersion "1"]
[SourceVersionDate "2019.06.03"]
[SourceQuality "1"]

1. e4 c5 2. Nf3 d6 3. Bb5+ Bd7 4. Bxd7+ Qxd7 5. 0-0 Nf6 6. e5 dxe5 7. Nxe5 Qc8 8. Qf3 e6 9. d3 Nbd7 10. Bf4 Nxe5 11. Bxe5 Be7 12. Nc3 0-0 13. a4 Qd7 14. a5 Nd5 15. Nxd5 Qxd5 16. Qxd5 exd5 1/2-1/2

[Event "Karlsruhe Grenke op"]
[Site "Karlsruhe"]
[Date "2019.04.21"]
[Round "7"]
[White "Milov, Leonid"]
[Black "Chernov, Vadim A"]
[Result "1-0"]
[WhiteElo "2474"]
[BlackElo "2345"]
[PlyCount "83"]
[EventDate "2019.04.18"]
[EventType "swiss"]
[EventRounds "9"]
[EventCountry "GER"]
[SourceTitle "CBM 189 Extra"]
[Source "ChessBase"]
[SourceDate "2019.06.03"]
[SourceVersion "1"]
[SourceVersionDate "2019.06.03"]
[SourceQuality "1"]

1. f4 d5 2. Nf3 Bg4 3. e3 Nd7 4. Be2 Ngf6 5. 0-0 Bxf3 6. Bxf3 e5 7. d4 e4 8. Be2 Bd6 9. b3 Qe7 10. a4 0-0 11. Ba3 Ne8 12. c4 Bxa3 13. Nxa3 dxc4 14. Nxc4 Nd6 15. Rb1 Nf6 16. b4 Nd5 17. Qb3 Rad8 18. b5 Nf5 19. Bg4 Nd6 20. Ne5 Nf6 21. Bh3 Nde8 22. a5 Qd6 23. Rfc1 Qd5 24. Qa4 Qd6 25. a6 b6 26. Qb3 Ra8 27. g3 c5 28. dxc5 bxc5 29. Qc3 Nd5 30. Qxc5 Qxc5 31. Rxc5 Nef6 32. Kf2 h5 33. Rd1 Nb6 34. Rd4 Rfd8 35. Rc7 Rxd4 36. exd4 Nfd5 37. Rxf7 e3+ 38. Kf3 e2 39. Kxe2 Nc3+ 40. Kd3 Nxb5 41. Be6 Kh7 42. Rf5 1-0

[Event "Karlsruhe Grenke op"]
[Site "Karlsruhe"]
[Date "2019.04.20"]
[Round "4"]
[White "Chernov, Vadim A"]
[Black "Schneider, Ilja"]
[Result "1/2-1/2"]
[WhiteElo "2345"]
[BlackElo "2504"]
[PlyCount "37"]
[EventDate "2019.04.18"]
[EventType "swiss"]
[EventRounds "9"]
[EventCountry "GER"]
[SourceTitle "CBM 189 Extra"]
[Source "ChessBase"]
[SourceDate "2019.06.03"]
[SourceVersion "1"]
[SourceVersionDate "2019.06.03"]
[SourceQuality "1"]

1. e4 c5 2. Nf3 Nc6 3. Bb5 Nf6 4. Nc3 Qc7 5. 0-0 Nd4 6. Re1 a6 7. Bc4 e6 8. e5 Ng4 9. Nxd4 Nxe5 10. Nf5 Nxc4 11. Qg4 g6 12. Nd5 Qc6 13. Qxc4 gxf5 14. Qc3 Qxd5 15. Qxh8 b5 16. Qe5 Qxe5 17. Rxe5 Bg7 18. Re3 Kf8 19. d3 1/2-1/2

[Event "Karlsruhe Grenke op"]
[Site "Karlsruhe"]
[Date "2019.04.19"]
[Round "3"]
[White "Moussard, Jules"]
[Black "Chernov, Vadim A"]
[Result "1/2-1/2"]
[WhiteElo "2598"]
[BlackElo "2345"]
[PlyCount "117"]
[EventDate "2019.04.18"]
[EventType "swiss"]
[EventRounds "9"]
[EventCountry "GER"]
[SourceTitle "CBM 189 Extra"]
[Source "ChessBase"]
[SourceDate "2019.06.03"]
[SourceVersion "1"]
[SourceVersionDate "2019.06.03"]
[SourceQuality "1"]

1. e4 c6 2. Nc3 d5 3. Nf3 g6 4. d4 Bg7 5. h3 Nf6 6. Bd3 dxe4 7. Nxe4 Nxe4 8. Bxe4 0-0 9. 0-0 Nd7 10. c3 e5 11. Re1 exd4 12. Nxd4 Nc5 13. Bc2 Ne6 14. Nf3 Qxd1 15. Rxd1 c5 16. Be4 Rb8 17. Ng5 b5 18. Nxe6 Bxe6 19. Bf4 Rb6 20. Bc7 Ra6 21. Bd6 Re8 22. Bxc5 Rxa2 23. Rxa2 Bxa2 24. Bf3 a6 25. Ra1 Bc4 26. Rxa6 Re1+ 27. Kh2 Be5+ 28. g3 h5 29. h4 Kg7 30. Ra8 Rc1 31. Re8 Bf6 32. Bf8+ Kh7 33. Ba3 Ra1 34. Re3 Kg7 35. Be4 Rd1 36. Kg2 Bf1+ 37. Kf3 g5 38. Bc6 gxh4 39. gxh4 Bxh4 40. Re5 Rd2 41. Bc5 Bf6 42. Re1 Bc4 43. Rg1+ Kh8 44. Bd4 Bxd4 45. cxd4 Rxd4 46. Rg5 Rd3+ 47. Ke4 Rb3 48. Ke5 Rxb2 49. f4 Re2+ 50. Kd4 h4 51. Bxb5 Bxb5 52. Rxb5 Kg7 53. Rh5 Kg6 54. Rxh4 Kf5 55. Kd3 Re7 56. Rh1 Kxf4 57. Rf1+ Kg3 58. Kd4 Kg4 59. Rg1+ 1/2-1/2

[Event "Oberliga Baden 1718"]
[Site "Baden"]
[Date "2018.04.15"]
[Round "9.1"]
[White "Rakotomaharo, Fy Antenaina"]
[Black "Chernov, Vadim A"]
[Result "1-0"]
[WhiteElo "2413"]
[BlackElo "2431"]
[PlyCount "81"]
[EventDate "2017.10.08"]
[EventType "team-tourn"]
[EventRounds "9"]
[EventCountry "GER"]
[SourceTitle "EXT 2019"]
[Source "ChessBase"]
[SourceDate "2018.10.10"]
[SourceVersion "1"]
[SourceVersionDate "2018.10.10"]
[SourceQuality "1"]
[WhiteTeam "Bad Mergentheim"]
[BlackTeam "Ladenburg"]
[WhiteTeamCountry "GER"]
[BlackTeamCountry "GER"]

1. e4 c6 2. d4 d5 3. e5 Bf5 4. Nf3 e6 5. Be2 Ne7 6. 0-0 h6 7. Nbd2 Nd7 8. Nb3 Qc7 9. a4 a5 10. Bd2 g5 11. Ne1 f6 12. Bh5+ Kd8 13. g4 Bg6 14. exf6 Nxf6 15. Nc5 Kc8 16. Qe2 Qd6 17. f4 Nxh5 18. gxh5 Bf5 19. fxg5 hxg5 20. Ned3 Bg7 21. Nb3 Bxd3 22. cxd3 Nf5 23. Kh1 b6 24. Rae1 Kd7 25. Bxg5 Bh6 26. Nc5+ bxc5 27. dxc5 Qxc5 28. Qxe6+ Kc7 29. Qxf5 Bxg5 30. Qxg5 Raf8 31. Qe5+ Qd6 32. Qg7+ Kb6 33. Qg6 Rxf1+ 34. Rxf1 Qe5 35. h6 Qe3 36. h7 Qh3 37. Qg1+ Ka6 38. Rf7 Ra8 39. Qg8 Rc8 40. Qg1 Ra8 41. Qd4 1-0

[Event "Pfalz op-A 9th"]
[Site "Neustadt an der Weinstrasse"]
[Date "2018.02.12"]
[Round "7"]
[White "Chernov, Vadim A"]
[Black "Feldmann, Johannes"]
[Result "1-0"]
[WhiteElo "2417"]
[BlackElo "2165"]
[PlyCount "75"]
[EventDate "2018.02.09"]
[EventType "swiss"]
[EventRounds "9"]
[EventCountry "GER"]
[SourceTitle "CBM 182 Extra"]
[Source "ChessBase"]
[SourceDate "2018.02.23"]
[SourceVersion "1"]
[SourceVersionDate "2018.02.23"]
[SourceQuality "1"]

1. e4 e6 2. d4 d5 3. Nd2 c5 4. Ngf3 cxd4 5. exd5 Qxd5 6. Bc4 Qd6 7. 0-0 Nf6 8. Nb3 Nc6 9. Nbxd4 Nxd4 10. Nxd4 a6 11. Re1 Qc7 12. Bf1 Bd6 13. Nf5 Bxh2+ 14. Kh1 Kf8 15. Qd4 exf5 16. Qxf6 h6 17. Qd4 Bd6 18. Bc4 Bc5 19. Qd5 Be6 20. Rxe6 Rd8 21. Qe5 Rd1+ 22. Kh2 Qxe5+ 23. Rxe5 Bd6 24. f4 Bxe5 25. fxe5 g5 26. b3 Ke8 27. a4 f4 28. Bb2 Rxa1 29. Bxa1 Rg8 30. Bd5 b5 31. a5 Ke7 32. Bc3 Rc8 33. Bb4+ Ke8 34. c3 Rc7 35. Bf3 Kd7 36. Bg4+ Ke8 37. Kg1 Rc6 38. Kf2 1-0

[Event "Oberliga Baden 1718"]
[Site "Baden"]
[Date "2018.01.21"]
[Round "5.1"]
[White "Chernov, Vadim A"]
[Black "Schmaltz, Roland"]
[Result "0-1"]
[WhiteElo "2431"]
[BlackElo "2469"]
[PlyCount "104"]
[EventDate "2017.10.08"]
[EventType "team-tourn"]
[EventRounds "9"]
[EventCountry "GER"]
[SourceTitle "EXT 2019"]
[Source "ChessBase"]
[SourceDate "2018.10.10"]
[SourceVersion "1"]
[SourceVersionDate "2018.10.10"]
[SourceQuality "1"]
[WhiteTeam "Ladenburg"]
[BlackTeam "Baden-Baden III"]
[WhiteTeamCountry "GER"]
[BlackTeamCountry "GER"]

1. e4 c5 2. Nf3 d6 3. Bb5+ Nd7 4. d4 cxd4 5. Qxd4 a6 6. Bxd7+ Bxd7 7. 0-0 e5 8. Qd3 h6 9. c4 b5 10. Nfd2 Nf6 11. Nc3 Qb8 12. a4 bxa4 13. Nxa4 Be7 14. Re1 0-0 15. Nf1 Qb7 16. Ne3 Rfc8 17. Nc3 Be6 18. Ncd5 Bxd5 19. cxd5 g6 20. Ra4 Nd7 21. Qa3 Nc5 22. Rb4 Qd7 23. Rc4 a5 24. Bd2 a4 25. Rec1 Nb3 26. Rxc8+ Rxc8 27. Rxc8+ Qxc8 28. Bc3 Nc5 29. Qb4 Bg5 30. Nc4 Be7 31. Na5 f5 32. Nc6 Bf8 33. exf5 Qxf5 34. h3 Nd3 35. Qxa4 Qxf2+ 36. Kh2 Nf4 37. Qe4 Kh7 38. Qf3 Qxf3 39. gxf3 Nxd5 40. Ba5 Ne7 41. Nxe7 Bxe7 42. Bc7 Kg8 43. Kg3 Kf7 44. b4 Ke6 45. b5 Kd7 46. Ba5 d5 47. Kf2 Bd6 48. Ke2 Bc7 49. Bd2 h5 50. Kd3 Bb6 51. Bg5 Kd6 52. Bf6 Bc7 0-1

[Event "Oberliga Baden 1718"]
[Site "Baden"]
[Date "2017.12.10"]
[Round "4.1"]
[White "Dobosz, Henryk"]
[Black "Chernov, Vadim A"]
[Result "1/2-1/2"]
[WhiteElo "2390"]
[BlackElo "2431"]
[PlyCount "66"]
[EventDate "2017.10.08"]
[EventType "team-tourn"]
[EventRounds "9"]
[EventCountry "GER"]
[SourceTitle "EXT 2019"]
[Source "ChessBase"]
[SourceDate "2018.10.10"]
[SourceVersion "1"]
[SourceVersionDate "2018.10.10"]
[SourceQuality "1"]
[WhiteTeam "Buchen"]
[BlackTeam "Ladenburg"]
[WhiteTeamCountry "GER"]
[BlackTeamCountry "GER"]

1. Nf3 Nf6 2. c4 g6 3. Nc3 Bg7 4. e4 d6 5. d4 0-0 6. Be2 Na6 7. 0-0 e5 8. Be3 Ng4 9. Bg5 Qe8 10. dxe5 dxe5 11. h3 f6 12. Bd2 Nh6 13. Re1 Nf7 14. Bf1 c6 15. a3 Qe7 16. b4 Rd8 17. Qc2 Nc7 18. Rad1 Ne6 19. Be3 Bh6 20. Rxd8+ Nexd8 21. c5 Bxe3 22. Rxe3 Ne6 23. Bc4 Kg7 24. Kh2 Bd7 25. Qa4 h6 26. Qd1 Rd8 27. Rd3 Bc8 28. Rxd8 Qxd8 29. Qxd8 Nfxd8 30. h4 h5 31. Kg1 Kf8 32. Kf1 Ke7 33. Ne1 Nc7 1/2-1/2

[Event "Baden-ch op"]
[Site "Walldorf"]
[Date "2017.07.28"]
[Round "3"]
[White "Podat, Vladimir"]
[Black "Chernov, Vadim A"]
[Result "1/2-1/2"]
[WhiteElo "2325"]
[BlackElo "2425"]
[PlyCount "30"]
[EventDate "2017.07.26"]
[EventType "swiss"]
[EventRounds "7"]
[EventCountry "GER"]
[SourceTitle "CBM 179 Extra"]
[Source "ChessBase"]
[SourceDate "2017.08.23"]
[SourceVersion "1"]
[SourceVersionDate "2017.08.23"]
[SourceQuality "1"]

1. d4 Nf6 2. c4 Nc6 3. Nf3 e6 4. Nc3 Bb4 5. Bd2 d6 6. Qc2 0-0 7. a3 Bxc3 8. Bxc3 Re8 9. e3 e5 10. d5 Ne7 11. Bd3 b5 12. b3 bxc4 13. bxc4 c6 14. dxc6 Nxc6 15. Ng5 h6 1/2-1/2